LEADER 01003nam a2200241 u 4500 001 000000037992 003 CaOOAMICUS 005 20070226113828.0 008 980420s1811 it u000 u ita u 035 $a10791063 040 $aPUL(R)$bita 110 1 $aItalia (Regno, 1805-1814).$0(OLS)http://pul/name/12868 240 10$aLeggi, ecc.$9(Italia (Regno, 1805-1814).$0(OLS)http://pul/title/51655 245 10$aCodice dei podestà e sindaci del Regno d'Italia. 260 $aMilano :$bdalla Reale Stamperia,$c1811. 300 $a373 p. ;$c23 cm 500 $aContiene indici. 650 4$aDiritto civile$zItalia.$0(OLS)http://pul/subject/3770 850 $aPUL 852 $aPUL$W1$xDP1 Antico 800$y27$m170 I 5$j51846$nBK-PRI$b $qStampati Antico$B51846$CPULBib$Z2$F51846 $H $81 941 1 $a15 996 $6245$aCodice dei podestà e sindaci del Regno d'Italia$9(OLS)http://pul/title/51656 996 $6260$aMilano :$bdalla Reale Stamperia$9(OLS)http://pul/publisher/63539 LEADER 01458nam a2200349 a 4500 001 000000152995 003 CaOOAMICUS 005 20160719091943.0 008 160719s2016 it u000 u ita r 020 $a978-88-14213694* 032 $aLibriCat 040 $aPUL$bita 082 $a348.45 110 1 $aItalia.$0(OLS)http://pul/name/1188 240 10$aCodice civile (2016).$0(OLS)http://pul/title/189042 245 10$aCodice civile /$cdiretto da Fabrizio Di Marzio ; commentato e aggiornato in dejure con Francesco Agnino ... [et al.]. 260 $aMilano :$bGiuffrè,$c2016. 300 $aXXXI, 3964 p. ;$c25 cm. 490 1 $aI codici commentati 500 $aTesto su due colonne. 650 4$aDiritto civile$zItalia.$0(OLS)http://pul/subject/3770 700 1 $aDi Marzio, Fabrizio,$d1965-$0(OLS)http://pul/name/69476 700 1 $aAgnino, Francesco.$0(OLS)http://pul/name/97424 830 2$aI codici commentati (Giuffrè).$0(OLS)http://pul/title/192430 850 $aPUL 852 $aPUL$W1$xDP2 Diritto e Scienze Sociali 3$y110$m348. 45 COD 5.11$j176195$qDDC 21$B178546$CPULBib$Z2$F178546 $H127986 $81 941 1 $a9 996 $6020$a978-88-14213694*$9(OLS)http://pul/number/160664 996 $6082$a348.45$9(OLS)http://pul/classification/373 996 $6245$aCodice civile$9(OLS)http://pul/title/173290 996 $6260$aMilano :$bGiuffrè$9(OLS)http://pul/publisher/48401